000 00630nam a2200229 a 4500
999 _c2073
_d2073
007 ta
008 200204t20042005ii a|||g |||| 00| 0 eng d
020 _a9788176497206
_cRs. 99.00
040 _aKO
_beng
041 0 _aeng
044 _aii
082 0 4 _223
_a658.812
_bF4915
100 1 _aFinch, Lloyd
245 1 0 _aTelephone Courtesy and Customer Service /
_cLloyd Finch
250 _a3rd ed.
260 _aNew Delhi :
_bViva Books Private Limited ,
_c2004, Reprinted 2005.
300 _avi , 104 p. :
_bill. ;
_c22 cm.
650 0 _aTelephone
_xCustomer services
_vTextbooks
904 _aReshma_R
942 _cBK